[Event "XXXII Olimpiadi"]
[Site "Yerevan ARM"]
[Date "1996.09.26"]
[Round "10.3"]
[White "Solomon, Stephen J."]
[Black "Sarno, Spartaco"]
[Result "1/2-1/2"]
[WhiteElo "2385"]
[BlackElo "2410"]
[Annotator "ITA-AUS"]
[PlyCount "125"]
[EventDate "1996.09.16"]

1. e4 d6 2. d4 Nf6 3. Nc3 g6 4. f4 Bg7 5. Nf3 O-O 6. Bd3 Na6 7. O-O c5 8. d5
Bg4 9. Bc4 Nc7 10. h3 Bxf3 11. Qxf3 Nd7 12. Be3 a6 13. a4 b6 14. Rad1 Qb8 15.
e5 b5 16. Be2 bxa4 17. Nxa4 Qb4 18. b3 Nb5 19. Bc4 Nd4 20. Qf2 Qb7 21. e6 Nb6
22. Nxb6 Qxb6 23. Qd2 a5 24. Rb1 Nf5 25. Bf2 Qb4 26. Qd3 Qc3 27. g4 Qxd3 28.
Bxd3 Nd4 29. Kg2 fxe6 30. c3 Nxb3 31. Rxb3 exd5 32. Ra3 Rxf4 33. Bh4 Rxf1 34.
Kxf1 c4 35. Be2 Kf7 36. Bf3 e6 37. Ke2 Ke8 38. Bf2 Ra6 39. Kd2 Bh6+ 40. Be3
Bxe3+ 41. Kxe3 Kd7 42. Bd1 Kc6 43. Ra1 Kc5 44. Ba4 e5 45. Rb1 Rb6 46. Rxb6 Kxb6
47. h4 Kc5 48. Be8 d4+ 49. Kd2 e4 50. Bxg6 e3+ 51. Ke2 hxg6 52. h5 gxh5 53.
gxh5 dxc3 54. Kxe3 a4 55. h6 a3 56. h7 a2 57. h8=Q a1=Q 58. Qc8+ Kb4 59. Qb7+
Ka3 60. Qa8+ Kb2 61. Qb7+ Ka2 62. Qa8+ Kb1 63. Qh1+ 1/2-1/2

[Event "XXXII Olimpiadi"]
[Site "Yerevan ARM"]
[Date "1996.09.26"]
[Round "10.4"]
[White "D'Amore, Carlo"]
[Black "Sandler, Leonid"]
[Result "0-1"]
[WhiteElo "2450"]
[BlackElo "2345"]
[Annotator "ITA-AUS"]
[PlyCount "118"]
[EventDate "1996.09.16"]

1. Nf3 Nf6 2. g3 b6 3. Bg2 Bb7 4. d3 c5 5. e4 d6 6. O-O g6 7. Nfd2 Qc7 8. a4
Bg7 9. Nc3 O-O 10. a5 Nc6 11. a6 Bc8 12. Nb5 Qd7 13. e5 Nxe5 14. Bxa8 Qxb5 15.
Bg2 Bg4 16. Qe1 Qd7 17. f4 Nc6 18. c3 Re8 19. Rf2 Bf5 20. Qf1 Be6 21. Ne4 Qc7
22. Bd2 Bc8 23. f5 gxf5 24. Rxf5 Bxf5 25. Qxf5 Ne5 26. Nxf6+ Bxf6 27. Be4 Ng6
28. Rf1 Rf8 29. Qf2 Qd7 30. h4 d5 31. Bf5 e6 32. Bh3 Bg7 33. h5 Ne5 34. Qe2 Qb5
35. h6 Bh8 36. Rf4 Re8 37. Bf1 Qxb2 38. Qf2 Re7 39. d4 cxd4 40. cxd4 Nc6 41.
Rg4+ Kf8 42. Rg7 Qxd4 43. Qxd4 Nxd4 44. Bb4 Nf5 45. Bxe7+ Nxe7 46. Rg4 Nf5 47.
Bd3 Nxh6 48. Rb4 Bc3 49. Rh4 Kg7 50. g4 Bf6 51. Rh2 Nxg4 52. Rxh7+ Kf8 53. Be2
Ne5 54. Kf1 Ke7 55. Bb5 Nc4 56. Ke2 Nd6 57. Bc6 b5 58. Rh1 b4 59. Kd3 b3 0-1

[Event "XXXII Olimpiadi"]
[Site "Yerevan ARM"]
[Date "1996.09.27"]
[Round "11.1"]
[White "Godena, Michele"]
[Black "Martin, Benjamin"]
[Result "1-0"]
[WhiteElo "2550"]
[BlackElo "2375"]
[Annotator "ITA-NZL"]
[PlyCount "81"]
[EventDate "1996.09.16"]

1. e4 e6 2. d4 d5 3. Nd2 Nf6 4. e5 Nfd7 5. Bd3 c5 6. c3 Nc6 7. Ne2 Qb6 8. Nf3
cxd4 9. cxd4 f6 10. exf6 Nxf6 11. O-O Bd6 12. Bd2 O-O 13. Bc3 Bd7 14. Ng3 Kh8
15. Qd2 Qc7 16. Rae1 Bf4 17. Qe2 Qb6 18. a3 Rae8 19. Qd1 Ng4 20. Nh5 e5 21.
Nxf4 exf4 22. Rxe8 Rxe8 23. Qc1 Rf8 24. Re1 Qd8 25. h3 Nh6 26. Bd2 Qf6 27. Ne5
Bf5 28. Qc5 Re8 29. Bxf5 Nxf5 30. Qxd5 Nxe5 31. dxe5 Qg5 32. e6 h5 33. Qe5 Qg6
34. Bxf4 Re7 35. Kh1 Kh7 36. Qe4 Qf6 37. g4 hxg4 38. hxg4 Rxe6 39. Qxe6 Qh4+
40. Bh2 Qxg4 41. Qe4 1-0

[Event "XXXII Olimpiadi"]
[Site "Yerevan ARM"]
[Date "1996.09.27"]
[Round "11.2"]
[White "Dreyer, Martin"]
[Black "Arlandi, Ennio"]
[Result "0-1"]
[WhiteElo "2310"]
[BlackElo "2445"]
[Annotator "ITA-NZL"]
[PlyCount "84"]
[EventDate "1996.09.16"]

1. e4 c6 2. d4 d5 3. exd5 cxd5 4. Bd3 Nc6 5. c3 Nf6 6. Bf4 g6 7. Nf3 Bg7 8.
Nbd2 Nh5 9. Be3 Qd6 10. O-O Nf4 11. Bxf4 Qxf4 12. Re1 O-O 13. b4 Qc7 14. b5 Na5
15. Rc1 b6 16. c4 dxc4 17. Nxc4 Nxc4 18. Rxc4 Qd8 19. Be4 Be6 20. d5 Rc8 21.
Ra4 Bd7 22. Rxa7 Bc3 23. Re3 Bxb5 24. Qb3 Bd2 25. Qxb5 Rc1+ 26. Re1 Bxe1 27. g3
Ba5+ 28. Kg2 Rc7 29. Rxc7 Qxc7 30. Nd4 Qe5 31. Qd3 Bb4 32. Nc6 Qd6 33. Bf3 Bc5
34. Qe4 b5 35. h4 Ra8 36. Qe2 Ra3 37. h5 gxh5 38. Qd2 Qf6 39. Bxh5 Qf5 40. d6
Bxd6 41. Qe2 Qd5+ 42. Bf3 Qd3 0-1

[Event "XXXII Olimpiadi"]
[Site "Yerevan ARM"]
[Date "1996.09.27"]
[Round "11.3"]
[White "Marinelli, Tullio"]
[Black "Wastney, Scott"]
[Result "1/2-1/2"]
[WhiteElo "2425"]
[BlackElo "2100"]
[Annotator "ITA-NZL"]
[PlyCount "45"]
[EventDate "1996.09.16"]

1. d4 d5 2. c4 dxc4 3. Nf3 Nf6 4. e3 e6 5. Bxc4 c5 6. O-O a6 7. Qe2 b5 8. Bb3
Bb7 9. Rd1 Nbd7 10. Nc3 Qb6 11. d5 exd5 12. Bxd5 Nxd5 13. Nxd5 Bxd5 14. Rxd5
Be7 15. e4 Rd8 16. Bf4 O-O 17. e5 Rfe8 18. Bg3 Nf8 19. Rad1 Rxd5 20. Rxd5 Rd8
21. Qd2 Rxd5 22. Qxd5 Qe6 23. Qxe6 1/2-1/2

[Event "XXXII Olimpiadi"]
[Site "Yerevan ARM"]
[Date "1996.09.27"]
[Round "11.4"]
[White "Freeman, Michael Roy"]
[Black "D'Amore, Carlo"]
[Result "1/2-1/2"]
[WhiteElo "2190"]
[BlackElo "2450"]
[Annotator "ITA-NZL"]
[PlyCount "48"]
[EventDate "1996.09.16"]

1. d4 g6 2. c4 Bg7 3. Nc3 d6 4. e4 Nf6 5. f3 O-O 6. Be3 a6 7. Qd2 c6 8. Bd3 b5
9. Nge2 Nbd7 10. O-O e5 11. cxb5 axb5 12. a3 exd4 13. Nxd4 Ne5 14. Be2 Bd7 15.
Nc2 Be6 16. Rfd1 Bc4 17. Qxd6 Qxd6 18. Rxd6 Bxe2 19. Nxe2 Rfc8 20. Rb1 Ne8 21.
Rdd1 Nc4 22. Bd4 Bf8 23. Kh1 c5 24. Bc3 Rcb8 1/2-1/2

[Event "XXXII Olimpiadi"]
[Site "Yerevan ARM"]
[Date "1996.09.28"]
[Round "12.1"]
[White "Ivanovic, Bozidar"]
[Black "Godena, Michele"]
[Result "1/2-1/2"]
[WhiteElo "2510"]
[BlackElo "2550"]
[Annotator "ITA-YUG"]
[PlyCount "58"]
[EventDate "1996.09.16"]

1. e4 e5 2. Nf3 Nc6 3. Bc4 Nf6 4. d3 h6 5. O-O d6 6. c3 g6 7. d4 Qe7 8. dxe5
Nxe5 9. Nxe5 dxe5 10. Qc2 Bg7 11. b3 Be6 12. Ba3 Qd7 13. Rd1 Qc6 14. Bxe6 Qxe6
15. c4 Bf8 16. Bb2 Bg7 17. Nc3 O-O 18. Rd2 Rfd8 19. Rad1 Rxd2 20. Rxd2 c6 21.
Qd1 Bf8 22. h3 Re8 23. Qf3 Bc5 24. Na4 Bd4 25. Bxd4 exd4 26. Rxd4 Nxe4 27. Rd1
b5 28. cxb5 cxb5 29. Nc3 Nxc3 1/2-1/2

[Event "XXXII Olimpiadi"]
[Site "Yerevan ARM"]
[Date "1996.09.28"]
[Round "12.3"]
[White "Ilincic, Zlatko"]
[Black "Borgo, Giulio"]
[Result "1-0"]
[WhiteElo "2520"]
[BlackElo "2375"]
[Annotator "ITA-YUG"]
[PlyCount "75"]
[EventDate "1996.09.16"]

1. d4 Nf6 2. c4 c5 3. d5 b5 4. cxb5 a6 5. bxa6 g6 6. Nc3 Bxa6 7. g3 d6 8. Bg2
Bg7 9. Rb1 O-O 10. a4 Qa5 11. Bd2 Bc8 12. b3 Bf5 13. e4 Bg4 14. Nge2 Na6 15. h3
Bd7 16. O-O Qb6 17. Na2 Rfb8 18. Qc2 Nc7 19. Rfc1 Qa7 20. Nb4 Na6 21. Nd3 Ne8
22. g4 Rc8 23. Be3 Qb7 24. Qd2 Rab8 25. Rc4 Nec7 26. e5 Na8 27. exd6 exd6 28.
Bf4 Bf8 29. Ng3 N8c7 30. Ne4 Ne8 31. Bh6 Be7 32. Ng5 Nec7 33. Qc3 f6 34. Re1
Re8 35. Rxe7 Rxe7 36. Qxf6 Rbe8 37. Rf4 Qc8 38. Nf7 1-0

[Event "XXXII Olimpiadi"]
[Site "Yerevan ARM"]
[Date "1996.09.30"]
[Round "13.1"]
[White "Zapata, Alonso"]
[Black "Godena, Michele"]
[Result "1/2-1/2"]
[WhiteElo "2525"]
[BlackElo "2550"]
[Annotator "ITA-COL"]
[PlyCount "40"]
[EventDate "1996.09.16"]

1. e4 e5 2. Nf3 Nc6 3. Bb5 a6 4. Ba4 Nf6 5. O-O b5 6. Bb3 Bc5 7. c3 d6 8. d4
Bb6 9. h3 Bb7 10. Re1 O-O 11. Bg5 h6 12. Bh4 Re8 13. dxe5 Nxe5 14. Nxe5 dxe5
15. Nd2 Qd6 16. Qe2 g5 17. Bg3 Rad8 18. Rad1 Qd3 19. Kf1 Qxe2+ 20. Rxe2 Nh5
1/2-1/2

[Event "XXXII Olimpiadi"]
[Site "Yerevan ARM"]
[Date "1996.09.30"]
[Round "13.3"]
[White "Perdomo, Carlos Andres"]
[Black "Sarno, Spartaco"]
[Result "1-0"]
[WhiteElo "2315"]
[BlackElo "2410"]
[Annotator "ITA-COL"]
[PlyCount "47"]
[EventDate "1996.09.16"]

1. e4 d6 2. d4 Nf6 3. Nc3 g6 4. Be3 c6 5. Qd2 b5 6. Bd3 Nbd7 7. a4 b4 8. Nce2
Rb8 9. Nf3 Bg7 10. Bh6 O-O 11. Bxg7 Kxg7 12. Ng3 Qa5 13. h4 e5 14. Qg5 Kh8 15.
dxe5 dxe5 16. h5 Rg8 17. Qh4 b3+ 18. c3 Ba6 19. Bxa6 Qxa6 20. Nxe5 Kg7 21. hxg6
Kf8 22. Nxd7+ Nxd7 23. gxh7 Rh8 24. Nf5 1-0

[Event "XXXII Olimpiadi"]
[Site "Yerevan ARM"]
[Date "1996.09.30"]
[Round "13.4"]
[White "D'Amore, Carlo"]
[Black "Gamboa, Nelson"]
[Result "0-1"]
[WhiteElo "2450"]
[BlackElo "2410"]
[Annotator "ITA-COL"]
[PlyCount "49"]
[EventDate "1996.09.16"]

1. Nf3 f5 2. d4 Nf6 3. Bg5 e6 4. Nbd2 d5 5. e3 Bd6 6. c3 O-O 7. Bd3 Nc6 8. Qc2
Rb8 9. h3 Qe8 10. Bxf6 Rxf6 11. g4 b5 12. b3 e5 13. g5 Rf8 14. dxe5 Nxe5 15.
Nxe5 Bxe5 16. Nf3 Bd6 17. O-O-O a6 18. Nd4 Ba3+ 19. Kb1 c5 20. Bxf5 cxd4 21.
Bxh7+ Kh8 22. Rxd4 Qh5 23. Bg6 Qxg5 24. Rg4 Qxg6 25. Qxg6 0-1

[Event "XXXII Olimpiadi"]
[Site "Yerevan ARM"]
[Date "1996.10.01"]
[Round "14.1"]
[White "Godena, Michele"]
[Black "Barua, Dibyendu"]
[Result "1/2-1/2"]
[WhiteElo "2550"]
[BlackElo "2550"]
[Annotator "ITA-IND"]
[PlyCount "131"]
[EventDate "1996.09.16"]

1. e4 e5 2. Nf3 Nf6 3. Nc3 d6 4. d4 Nbd7 5. Bc4 Be7 6. O-O O-O 7. a4 c6 8. Re1
h6 9. a5 Qc7 10. h3 Re8 11. Be3 exd4 12. Bxd4 Bf8 13. Nh4 Ne5 14. Bf1 g5 15.
Nf3 Be6 16. Nd2 Bg7 17. Bxe5 dxe5 18. Bc4 Rad8 19. Bxe6 Rxe6 20. Qe2 Bf8 21.
Nb3 Bb4 22. Qc4 Qe7 23. Red1 Bxc3 24. Rxd8+ Qxd8 25. Qxc3 b6 26. axb6 axb6 27.
Re1 c5 28. Re3 Qd1+ 29. Re1 Qd7 30. Re3 Nh5 31. Rd3 Qa4 32. Rd8+ Kg7 33. Nd2
Nf4 34. Kh2 Qa1 35. Qf3 Rf6 36. Nc4 Ne6 37. Rg8+ Kxg8 38. Qxf6 Qc1 39. Nxe5
Qf4+ 40. Qxf4 gxf4 41. Nd7 b5 42. g3 c4 43. Nf6+ Kf8 44. Nd5 Nd4 45. Nb4 f3 46.
g4 Ne2 47. Nc6 Kg7 48. Ne5 Nd4 49. c3 Ne2 50. Nxf3 Kf6 51. h4 Ke6 52. Kg2 Nf4+
53. Kg3 Ne2+ 54. Kg2 Nf4+ 55. Kf1 Nd3 56. Nd4+ Ke5 57. Nxb5 Nxb2 58. f3 Kf4 59.
Ke2 Nd3 60. Nd4 Ne5 61. h5 f6 62. Nf5 Nxf3 63. Nxh6 Ng5 64. Ng8 Nh7 65. h6 Kxe4
66. Ne7 1/2-1/2

[Event "XXXII Olimpiadi (San Marino)"]
[Site "Yerevan ARM"]
[Date "1996.09.17"]
[Round "2.1"]
[White "Bezzi, Massimo"]
[Black "Rodgaard, John"]
[Result "1/2-1/2"]
[WhiteElo "1933"]
[BlackElo "2375"]
[Annotator "SMR-FAI"]
[PlyCount "40"]
[EventDate "1996.09.16"]

1. e4 e6 2. d4 d5 3. exd5 exd5 4. c4 Nf6 5. Nf3 Be7 6. Nc3 O-O 7. Be2 Nbd7 8.
O-O dxc4 9. Bxc4 Nb6 10. Bb3 c6 11. Bg5 Nbd5 12. Re1 Be6 13. Qe2 Re8 14. Rad1
h6 15. Bh4 Nf4 16. Qc2 Bxb3 17. Qxb3 Qb6 18. Qc2 N4d5 19. Ne5 Bf8 20. Qf5 Qc7
1/2-1/2

[Event "XXXII Olimpiadi (San Marino)"]
[Site "Yerevan ARM"]
[Date "1996.09.18"]
[Round "3.1"]
[White "Bezzi, Massimo"]
[Black "Smith, Alvin Louis A."]
[Result "0-1"]
[WhiteElo "1933"]
[BlackElo "2175"]
[Annotator "SMR-AHO"]
[PlyCount "68"]
[EventDate "1996.09.16"]

1. e4 g6 2. d4 Bg7 3. Nf3 d6 4. c4 Nf6 5. Nc3 O-O 6. Be2 Nc6 7. h3 a6 8. Be3 e5
9. d5 Ne7 10. Qd2 Bd7 11. O-O-O b5 12. Qc2 b4 13. Nb1 c5 14. Nbd2 a5 15. Rdg1
a4 16. Qd3 Nh5 17. g3 h6 18. Ne1 Nf6 19. f4 exf4 20. gxf4 Ne8 21. Nef3 Kh7 22.
h4 Nf6 23. h5 Nxh5 24. Ng5+ hxg5 25. Bxh5 gxh5 26. Rxh5+ Kg8 27. Rhxg5 Ng6 28.
f5 Qf6 29. fxg6 Qxb2+ 30. Kd1 f5 31. exf5 Rae8 32. Rf1 Qa1+ 33. Ke2 Qd4 34. Rf4
Qxf4 0-1

[Event "XXXII Olimpiadi (San Marino)"]
[Site "Yerevan ARM"]
[Date "1996.09.19"]
[Round "4.1"]
[White "Atlas, Valery"]
[Black "Renzi, Nicola"]
[Result "1-0"]
[WhiteElo "2470"]
[BlackElo "1558"]
[Annotator "SMR-LIE"]
[PlyCount "47"]
[EventDate "1996.09.16"]

1. e4 c6 2. d4 d5 3. e5 Bf5 4. Nf3 e6 5. Be2 c5 6. O-O a6 7. Be3 cxd4 8. Nxd4
Ne7 9. c4 dxc4 10. Na3 Nbc6 11. Nxc4 Nd5 12. Nxf5 exf5 13. Bf3 Nxe3 14. Nxe3
Nxe5 15. Qe2 Nxf3+ 16. Qxf3 f4 17. Nf5 Bc5 18. Rae1+ Kf8 19. Qc3 Bd4 20. Nxd4
Qc8 21. Qf3 g5 22. Qd5 h6 23. Nf5 Qc6 24. Qe5 1-0

[Event "XXXII Olimpiadi (San Marino)"]
[Site "Yerevan ARM"]
[Date "1996.09.19"]
[Round "4.2"]
[White "Bezzi, Massimo"]
[Black "Atlas, Dmitry"]
[Result "0-1"]
[WhiteElo "1933"]
[BlackElo "2295"]
[Annotator "SMR-LIE"]
[PlyCount "52"]
[EventDate "1996.09.16"]

1. e4 e6 2. d4 d5 3. exd5 exd5 4. c4 Nf6 5. Nf3 Be7 6. Nc3 O-O 7. Be2 Be6 8.
O-O dxc4 9. Ne5 Nc6 10. Nxc6 bxc6 11. Be3 Rb8 12. Qc2 Nd5 13. Ne4 f5 14. Nc5
Bxc5 15. dxc5 Nxe3 16. fxe3 Qd5 17. b3 cxb3 18. axb3 Rxb3 19. Rxa7 Rxe3 20. Bf3
Qe5 21. Bxc6 Re2 22. Qc1 Bd5 23. Bxd5+ Qxd5 24. Rf2 Qd4 25. Qf1 Rfe8 26. Ra1
Rxf2 0-1

[Event "XXXII Olimpiadi (San Marino)"]
[Site "Yerevan ARM"]
[Date "1996.09.20"]
[Round "5.1"]
[White "Bezzi, Massimo"]
[Black "Mamombe, Kudzanai"]
[Result "1/2-1/2"]
[WhiteElo "1933"]
[BlackElo "2140"]
[Annotator "SMR-ZIM"]
[PlyCount "104"]
[EventDate "1996.09.16"]

1. e4 c6 2. d4 d5 3. exd5 cxd5 4. Bd3 Nf6 5. h3 Nc6 6. Nf3 g6 7. O-O Bg7 8. c3
O-O 9. Bf4 Nh5 10. Bh2 Qb6 11. Qb3 Qd8 12. Nbd2 Re8 13. Rfe1 a6 14. a4 b6 15.
Qd1 e6 16. Bf1 Bd7 17. b4 Bc8 18. Nb3 Bb7 19. a5 b5 20. Nc5 Qe7 21. Qd2 Nf6 22.
Bd3 Bc8 23. Ne5 Nxe5 24. Bxe5 Nd7 25. Bxg7 Kxg7 26. Qf4 Nxc5 27. bxc5 f6 28.
Qe3 e5 29. dxe5 fxe5 30. f4 Kg8 31. fxe5 Be6 32. c6 Rec8 33. Qb6 Qc7 34. Rf1
Qa7 35. Kh1 Rcb8 36. Qd4 Rc8 37. Qb6 Rc7 38. Rf6 Re8 39. Be2 Bf7 40. Qd4 Be6
41. Qb6 Bf7 42. Qd4 Be6 43. Qb6 Kg7 44. Kh2 Ree7 45. Kh1 Re8 46. Kh2 Bg8 47.
Qd4 Re6 48. Qxd5 Rexc6 49. Qd8 Rc8 50. Qd2 Rxc3 51. Rb6 Qe7 52. Qd4 Qc5 1/2-1/2

[Event "XXXII Olimpiadi (San Marino)"]
[Site "Yerevan ARM"]
[Date "1996.09.21"]
[Round "6.2"]
[White "Righi, Ezio"]
[Black "Cutter, Paul"]
[Result "1-0"]
[WhiteElo "2120"]
[BlackElo "2205"]
[Annotator "SMR-GCI"]
[PlyCount "71"]
[EventDate "1996.09.16"]

1. e4 e5 2. Nf3 d6 3. d4 Nf6 4. Nc3 Nbd7 5. Bc4 Be7 6. Bxf7+ Kxf7 7. Ng5+ Kg8
8. Ne6 Qe8 9. Nxc7 Qg6 10. Nxa8 Qxg2 11. Rf1 exd4 12. Qe2 Ne5 13. f4 Qxe2+ 14.
Nxe2 Nc6 15. e5 dxe5 16. fxe5 Ne4 17. Bf4 Bb4+ 18. Kd1 h6 19. Nc7 g5 20. Bg3
Bg4 21. Nd5 Kg7 22. Nxb4 Nxb4 23. e6 Nxg3 24. hxg3 Bxe6 25. Kd2 Rd8 26. a3 Nxc2
27. Rac1 d3 28. Nc3 Bc4 29. Rf2 Nd4 30. Re1 Ne2 31. Rf3 Nxc3 32. bxc3 b5 33.
Re7+ Kg6 34. Rxa7 Kh5 35. a4 bxa4 36. Rxa4 1-0

[Event "XXXII Olimpiadi (San Marino)"]
[Site "Yerevan ARM"]
[Date "1996.09.23"]
[Round "7.1"]
[White "Renzi, Nicola"]
[Black "Denny, Kevin William Henderson"]
[Result "1/2-1/2"]
[WhiteElo "1558"]
[BlackElo "2240"]
[Annotator "SMR-BAR"]
[PlyCount "101"]
[EventDate "1996.09.16"]

1. d4 Nf6 2. Nf3 g6 3. e3 Bg7 4. Bd3 d5 5. Nbd2 O-O 6. O-O Nbd7 7. c3 c5 8. Re1
b6 9. e4 dxe4 10. Nxe4 cxd4 11. Nxd4 Bb7 12. Bg5 Nxe4 13. Bxe4 Bxe4 14. Rxe4
Nf6 15. Re2 Qd5 16. Nf3 e6 17. Qxd5 Nxd5 18. Rd1 Rfc8 19. Ne1 b5 20. Nc2 a5 21.
Ne3 Nb6 22. Red2 Na4 23. Rd8+ Rxd8 24. Rxd8+ Rxd8 25. Bxd8 Nxb2 26. Bxa5 Na4
27. c4 bxc4 28. Nxc4 Kf8 29. Nb6 Nxb6 30. Bxb6 Ke7 31. Kf1 Kd6 32. Ke2 Kc6 33.
Bd8 Kb5 34. Ke3 Bf8 35. Kf4 Bd6+ 36. Kg5 Bxh2 37. Kf6 Bf4 38. Kxf7 e5 39. Bc7
g5 40. g3 Bd2 41. Bxe5 g4 42. Kg7 Kc4 43. Kxh7 Be1 44. Kg6 Bxf2 45. Kg5 Bxg3
46. Bxg3 Kb4 47. Bd6+ Ka5 48. Kxg4 Ka6 49. Kf4 Ka7 50. Ke4 Kb7 51. Kd5 1/2-1/2

[Event "XXXII Olimpiadi (San Marino)"]
[Site "Yerevan ARM"]
[Date "1996.09.23"]
[Round "7.3"]
[White "Righi, Ezio"]
[Black "Corbin, Philip Arnold"]
[Result "0-1"]
[WhiteElo "2120"]
[BlackElo "2245"]
[Annotator "SMR-BAR"]
[PlyCount "56"]
[EventDate "1996.09.16"]

1. e4 e5 2. Nf3 d5 3. exd5 Bd6 4. d4 e4 5. Ne5 Nf6 6. Nc3 Nbd7 7. Bf4 Qe7 8.
Bb5 a6 9. Nxd7 Bxd7 10. Bxd7+ Qxd7 11. Qd2 O-O-O 12. O-O-O Bb4 13. d6 Nd5 14.
dxc7 Rde8 15. Kb1 Qc6 16. Qe2 Bxc3 17. Qg4+ Qe6 18. Qg3 Qb6 19. Bc1 Bxd4 20.
Rd2 Nc3+ 21. Ka1 Qa5 22. a3 Be5 23. Qh3+ Re6 24. Re1 Kxc7 25. f4 Rb6 26. Qd7+
Kb8 27. Qe7 Bf6 28. b4 Bxe7 0-1

[Event "XXXII Olimpiadi (San Marino)"]
[Site "Yerevan ARM"]
[Date "1996.09.24"]
[Round "8.1"]
[White "Ady, Jonathan James"]
[Black "Renzi, Nicola"]
[Result "1-0"]
[WhiteElo "2370"]
[BlackElo "1558"]
[Annotator "SMR-HKG"]
[PlyCount "67"]
[EventDate "1996.09.16"]

1. e4 c6 2. d4 d5 3. e5 Bf5 4. Nc3 e6 5. g4 Bg6 6. Nge2 c5 7. h4 h6 8. Be3 Nd7
9. f4 Ne7 10. f5 exf5 11. Nf4 cxd4 12. Bxd4 Nb6 13. Bb5+ Nc6 14. Nxg6 fxg6 15.
gxf5 Bb4 16. Bxc6+ bxc6 17. Qg4 Qe7 18. Qxg6+ Kd7 19. e6+ Kc7 20. Be5+ Kb7 21.
Qxg7 Qxg7 22. Bxg7 Rh7 23. Rg1 Rg8 24. f6 Re8 25. O-O-O Rxe6 26. f7 Nd7 27.
Rdf1 Bf8 28. Bxf8 d4 29. Na4 Nxf8 30. Nc5+ Kb6 31. Nxe6 Nxe6 32. Rg6 Nf8 33.
Rg8 Ne6 34. Re8 1-0

[Event "XXXII Olimpiadi (San Marino)"]
[Site "Yerevan ARM"]
[Date "1996.09.24"]
[Round "8.2"]
[White "Righi, Ezio"]
[Black "Carless, David"]
[Result "1-0"]
[WhiteElo "2120"]
[BlackElo "2230"]
[Annotator "SMR-HKG"]
[PlyCount "77"]
[EventDate "1996.09.16"]

1. e4 c5 2. Nf3 Nc6 3. d4 cxd4 4. Nxd4 g6 5. Nc3 Bg7 6. Be3 Nf6 7. Nxc6 bxc6 8.
e5 Ng8 9. Bd4 Nh6 10. e6 f6 11. exd7+ Bxd7 12. Bc4 Qc7 13. Qe2 e5 14. O-O-O
O-O-O 15. Bc5 Kb7 16. Ba6+ Ka8 17. Qc4 Nf5 18. g4 Nd4 19. Bxd4 exd4 20. Rxd4 f5
21. Rd3 Bxc3 22. Qxc3 Be6 23. Rhd1 Rb8 24. Rd6 Rhe8 25. Rxc6 Qf4+ 26. Kb1 Qxg4
27. Rcd6 Qe4 28. f3 Qa4 29. b3 Bc8 30. R1d4 Qxa6 31. Rxa6 Bxa6 32. Rd7 Bb7 33.
Rxh7 Rec8 34. Qg7 Rg8 35. Qf7 Rgd8 36. a4 a5 37. Qc7 Rd5 38. c4 Rc8 39. Qxb7#
1-0

[Event "XXXII Olimpiadi (San Marino)"]
[Site "Yerevan ARM"]
[Date "1996.09.26"]
[Round "10.1"]
[White "Bezzi, Massimo"]
[Black "Al Ghasra, Ali Mohamed Hasan Ahmed"]
[Result "1/2-1/2"]
[WhiteElo "1933"]
[BlackElo "2160"]
[Annotator "SMR-BRN"]
[PlyCount "52"]
[EventDate "1996.09.16"]

1. e4 c5 2. Nf3 e6 3. d4 cxd4 4. Nxd4 Nf6 5. Nc3 Nc6 6. Be3 Bb4 7. Nxc6 bxc6 8.
e5 Nd5 9. Bd2 Qc7 10. Nxd5 Bxd2+ 11. Qxd2 cxd5 12. f4 Rb8 13. b3 d6 14. exd6
Qxd6 15. Bd3 Qc5 16. Rf1 O-O 17. Rf2 Bd7 18. a4 a5 19. Kf1 Rfc8 20. Re1 Rb4 21.
f5 Qd6 22. fxe6 Bxe6 23. Kg1 Qc5 24. Qg5 h6 25. Qg3 Rg4 26. Qf3 Rd4 1/2-1/2

[Event "XXXII Olimpiadi (San Marino)"]
[Site "Yerevan ARM"]
[Date "1996.09.26"]
[Round "10.2"]
[White "Janahi, Zeyaad"]
[Black "Righi, Ezio"]
[Result "1-0"]
[WhiteElo "2185"]
[BlackElo "2120"]
[Annotator "SMR-BRN"]
[PlyCount "77"]
[EventDate "1996.09.16"]

1. e4 e5 2. Nf3 Nc6 3. Bb5 a6 4. Ba4 Nf6 5. d4 exd4 6. O-O b5 7. Bb3 Be7 8. e5
Ne4 9. Bd5 Nc5 10. Nxd4 Bb7 11. Nf5 O-O 12. Qg4 g6 13. Re1 Ne6 14. Nc3 b4 15.
Nd1 h5 16. Nxe7+ Qxe7 17. Qg3 Kh7 18. Bd2 Rab8 19. c3 Ba8 20. b3 a5 21. Rc1
Ncd4 22. cxd4 Bxd5 23. Qd3 Qh4 24. Ne3 Nf4 25. Qf1 c6 26. Nxd5 Nxd5 27. Qd3 Qg4
28. Rc5 Ra8 29. f3 Qe6 30. Qe4 f5 31. Qh4 f4 32. Re4 Qf5 33. e6 dxe6 34. Bxf4
Qf6 35. Qxf6 Rxf6 36. Bg5 Rf5 37. Bd2 Rf6 38. Rxc6 Rd8 39. Bg5 1-0

[Event "XXXII Olimpiadi femminile"]
[Site "Yerevan ARM"]
[Date "1996.09.16"]
[Round "1.1"]
[White "Safranska, Anda"]
[Black "Riegler, Alessandra"]
[Result "1-0"]
[WhiteElo "2270"]
[BlackElo "1840"]
[Annotator "ITA-LAT"]
[PlyCount "67"]
[EventDate "1996.09.16"]

1. e4 c5 2. Nc3 Nc6 3. f4 d6 4. Nf3 g6 5. Bc4 Bg7 6. O-O Nf6 7. d3 O-O 8. a4
Be6 9. Bxe6 fxe6 10. Ne2 Rc8 11. c3 Qb6 12. Kh1 a5 13. Be3 Ng4 14. Bg1 Qa6 15.
Ng5 Nd8 16. d4 h6 17. Nf3 Nf6 18. Ng3 cxd4 19. Nxd4 Nd7 20. Qg4 Rf6 21. Nf3 h5
22. Qh4 e5 23. f5 gxf5 24. Nxf5 Rxf5 25. exf5 Nf6 26. Be3 Rc4 27. Qe1 Nf7 28.
Nd2 Rc7 29. Rf3 Nh6 30. h3 Qc6 31. Qg3 Kf8 32. Qg6 Nhg8 33. Rg3 e6 34. fxe6 1-0

[Event "XXXII Olimpiadi femminile"]
[Site "Yerevan ARM"]
[Date "1996.09.16"]
[Round "1.2"]
[White "Zavatta, Benedetta"]
[Black "Rubene, Ilze"]
[Result "0-1"]
[WhiteElo "1897"]
[BlackElo "2190"]
[Annotator "ITA-LAT"]
[PlyCount "106"]
[EventDate "1996.09.16"]

1. d4 f5 2. g3 Nf6 3. Bg2 g6 4. c4 Bg7 5. Nc3 O-O 6. Nf3 d6 7. O-O Qe8 8. Qc2
e5 9. d5 a5 10. Nb5 Na6 11. Rd1 h6 12. Bd2 b6 13. Be1 Bd7 14. a4 g5 15. Rab1
Qh5 16. b4 axb4 17. Bxb4 Nxb4 18. Rxb4 Ne8 19. Qa2 Rf7 20. Rb3 f4 21. Ra3 Ra5
22. Qd2 Bf6 23. Ne1 Bg4 24. Bf3 Bxf3 25. exf3 g4 26. Qe2 fxg3 27. fxg3 gxf3 28.
Nxf3 Ng7 29. Re1 Bd8 30. Nd2 Qxe2 31. Rxe2 Nh5 32. Ne4 Nf6 33. Nbc3 Ng4 34. Ra1
Bg5 35. Rae1 Rf3 36. Kg2 Rd3 37. Rd1 Ne3+ 38. Rxe3 Rxe3 39. h4 Bd8 40. Kf2 Rxc3
41. Nxc3 Rc5 42. Rd3 Rxc4 43. Kf3 Kg7 44. Ke2 Bf6 45. Kd2 e4 46. Re3 Bxc3+ 47.
Rxc3 Rxc3 48. Kxc3 Kf6 49. g4 Ke5 50. g5 hxg5 51. hxg5 Kxd5 52. g6 Ke6 53. Kd4
d5 0-1

[Event "XXXII Olimpiadi femminile"]
[Site "Yerevan ARM"]
[Date "1996.09.16"]
[Round "1.3"]
[White "Meijere, Agnese"]
[Black "Parrino, Giuseppina"]
[Result "1-0"]
[WhiteElo "2210"]
[BlackElo "1849"]
[Annotator "ITA-LAT"]
[PlyCount "52"]
[EventDate "1996.09.16"]

1. e4 c5 2. Nf3 e6 3. d4 cxd4 4. Nxd4 Nc6 5. Nc3 Bb4 6. Nxc6 bxc6 7. Qd4 Bf8 8.
e5 Ne7 9. Bd3 Ng6 10. O-O Bb7 11. Ne4 Qa5 12. f4 Nh4 13. Qf2 Nf5 14. Bd2 Qb6
15. b4 Be7 16. Nc5 Bc8 17. Kh1 a5 18. a3 axb4 19. Bxb4 Qc7 20. Rfd1 f6 21. Bxf5
exf5 22. Qd4 fxe5 23. fxe5 Ra7 24. e6 Bf6 25. exd7+ Bxd7 26. Qe3+ Kf8 1-0

[Event "XXXII Olimpiadi femminile"]
[Site "Yerevan ARM"]
[Date "1996.09.18"]
[Round "3.1"]
[White "Borek, Jutta"]
[Black "Gramignani, Rita"]
[Result "1/2-1/2"]
[WhiteElo "2110"]
[BlackElo "2030"]
[Annotator "ITA-AUT"]
[PlyCount "32"]
[EventDate "1996.09.16"]

1. c4 g6 2. g3 Bg7 3. Bg2 d6 4. Nc3 e5 5. e4 Nc6 6. Nge2 Nge7 7. d3 O-O 8. O-O
Rb8 9. f4 f5 10. Be3 Nd4 11. Qd2 c6 12. Rad1 Qc7 13. fxe5 dxe5 14. Bh6 Nxe2+
15. Nxe2 Bxh6 16. Qxh6 Be6 1/2-1/2